000 01671nam a2200409 i 4500
001 000005077
003 DO-SdBNP
005 20260424100325.0
007 ta
008 090729t1998 dr a r f000 0 spa d
020 _a8460579522
040 _aDO-SdBNP
_bspa
_cBNPHU
_erda
041 _aspa
082 4 _a338.97293
_bU54p 1998
_222
245 0 3 _aUn proyecto de nación :
_bpropuestas elaboradas por la sociedad dominicana /
_ccoordinadores, Carlos Dore Cabral, Esther Hernández Medina.
250 _asegunda edición
264 1 _aSanto Domingo >
_bComisión Organizadora del Diálogo Nacional,
_c1998.
300 _avolumenes :
_bilustraciones ;
_c28 cm.
336 _atexto
_btxt
_2rdacontent
337 _asin mediación
_bn
_2rdamedia
338 _avolumen
_bnc
_2rdacarrier
590 _aInventariado, 2018/BT
650 4 _aRepública dominicana
_xPolítica y gobierno
_92488
650 4 _aDerecho
_xRepública dominicana
_914585
650 4 _aInfraestructura
_x(economía)
_zRepública Dominicana
_914586
650 4 _aAgropecuaria
_zRepública Dominicana
_914587
651 4 _aRepública Dominicana
_xPolítica económica
_9643
651 4 _aRepública Dominicana
_xCondiciones económicas
_9281
651 4 _aRepública Dominicana
_xPolítica social
_92627
651 4 _aRepública Dominicana
_xPolítica cultural
_911345
651 4 _aRepública Dominicana
_xRelaciones exteriores
_92258
651 4 _aRepública Dominicana
_zRecursos naturales
_914588
700 1 2 _aDore y Cabral, Carlos,
_ecoordinador
_96975
_4coord.
700 1 2 _aHernández Medina, Esther,
_ecoordinador
_4coord.
_914589
910 _aValidado. Control de calidad. EMS
942 _2ddc
_cLBS1
999 _c4881
_d4881